Vietnam urban water development (P073763). Environmental assessment subproject: Investment and construction of water supply system in Kien An - Hai Phong
Đã lưu trong:
| Institution som forfatter: | |
|---|---|
| Format: | Bog |
| Sprog: | Undetermined |
| Udgivet: |
Washington DC
The World Bank
2004
|
| Tags: |
Tilføj Tag
Ingen Tags, Vær først til at tagge denne postø!
|
| Thư viện lưu trữ: | Trung tâm Học liệu Trường Đại học Cần Thơ |
|---|
| LEADER | 00600nam a2200169Ia 4500 | ||
|---|---|---|---|
| 001 | CTU_62720 | ||
| 008 | 210402s9999 xx 000 0 und d | ||
| 082 | |a 363.61 | ||
| 082 | |b S678ve | ||
| 110 | |a Ministry of construction (Vietnam) | ||
| 245 | 0 | |a Vietnam urban water development (P073763). | |
| 245 | 0 | |b Environmental assessment subproject: Investment and construction of water supply system in Kien An - Hai Phong | |
| 245 | 0 | |c Ministry of construction (Vietnam) | |
| 260 | |a Washington DC | ||
| 260 | |b The World Bank | ||
| 260 | |c 2004 | ||
| 980 | |a Trung tâm Học liệu Trường Đại học Cần Thơ | ||